Word Ladder: Numbers V Quiz Stats

 Plays Quiz Updated Jan 20, 2017

Support Sporcle.
Go Orange.
Score 0/18 Timer 03:00
0 Plays Today
Clue 5-letter Word % Correct
Shakespeare play: The Taming of the ____SHREW
94.7%
Tossed or lobbedTHREW
94.6%
• Ten minus ____ = [last rung] •• THREE •
93.8%
• Ten minus [first rung] = ____• SEVEN •
92.3%
US VP under ObamaBIDEN
91.9%
To make a gap largerWIDEN
91%
To cut off ties or a headSEVER
88.8%
Type of simple machineLEVER
85.9%
What a lead rock guitarist does, slangilySHRED
85.7%
Clue 5-letter Word % Correct
Waited: ____ one's timeBIDED
82.8%
Fathered a foalSIRED
80.9%
Took a position in a debateSIDED
80.8%
Group of witchesCOVEN
79.4%
ConcealCOVER
79.2%
Adjective for loom-produced textilesWOVEN
77.1%
Edible red algae or Australian tennis great RodLAVER
74.1%
Anglo-Saxon pagan godWODEN
73.8%
SpelunkerCAVER
73.1%

Today's Daily Dose

Word Ladder
New Dimensions!

Quick Pick
'Animal' Fish

Get the Picture
Bird or Food?

You're not logged in!

Compare scores with friends on all Sporcle quizzes.
OR
Log In
Forgot?

From the Vault

Musical Men by Image A-Z II

by El_Dandy

Today you're looking at music. But you'll be using anything but your ears.
Remove Ads.
Support Sporcle.
Get the best of Sporcle when you Go Orange. This ad-free experience offers more features, more stats, and more fun while also helping to support Sporcle. Thank you for becoming a member.

Show Comments

Extras

Top Quizzes Today


Score Distribution

Your Account Isn't Verified!

In order to create a playlist on Sporcle, you need to verify the email address you used during registration. Go to your Sporcle Settings to finish the process.

Report this User

Report this user for behavior that violates our Community Guidelines.

Details: